| 000 | 00738nam a2200217Ia 4500 | ||
|---|---|---|---|
| 003 | GCL | ||
| 008 | 140319s9999 xx 000 0 ara d | ||
| 040 |
_aGCL / _cGCL |
||
| 082 | 0 | 4 |
_a621.381 _bا ر |
| 100 | 1 | _aالسيد عبدالهادى طلخان | |
| 245 | 1 | 0 |
_aرحلة فى هندسة الالكترونيات / _cالسيد عبدالهادى طلخان |
| 250 | _aالاولى | ||
| 260 |
_aالقاهرة : _bالمكتبة الاكاديمية ، _c2001 |
||
| 300 |
_a104 ص ؛ _c30 سم |
||
| 650 | 0 | 4 | _aالهندسة الالكترونية |
| 650 | 0 | 4 | _aالهندسة |
| 650 | 0 | 4 | _aالدوائر الالكترونية |
| 650 | 0 | 4 | _aالالكترونات |
| 650 | 0 | 4 | _aالالكترونيات |
| 942 |
_2ddc _cBK |
||
| 999 |
_c1568 _d1568 |
||